000 00894cam a2200217 4500
001 WB3807-05
008 020219n2002 000 0 eng u
035 _a(Sirsi) u116748
245 _aLivingstone delays Energy Strategy
260 _c2002
490 _aGLA News Release
_v2002/086
520 _aMayor Ken Livingstone has decided to delay publication of his draft Energy Strategy for Assemby scrutiny. This provoked condemnation from London Assembly Environment Chair, Samantha Heath. If the strategy is finalised late in 2003 the Mayor will not have enough time to deliver it before the next GLA elections.
590 _aWB
650 _aMAYOR OF LONDON
650 _aENERGY STRATEGY
650 _aENERGY CONSUMPTION
650 _aENERGY EFFICIENCY
650 _aLONDON ASSEMBLY
690 _aENVIRONMENTAL AND LAND CONSULTANCY-ENERGY-ENERGY USE-ENERGY EFFICIENCY
942 _n0
999 _c69535
_d69535